000 00298nam a22001337a 4500
020 _a978-81-291-2021-2
082 _a425
_bBHA/W
100 _aBHAGAT, CHETAN
245 _aWHAT YOUNG INDIA WANTS
260 _aDELHI
_bRUPA PUBLICATION
_c2012
300 _a181
650 _aNOVEL
_zINDIA
942 _cBK
999 _c2738
_d2738